000 00891nam a2200253Ia 4500
003 OSt
005 20221005111102.0
006 a|||||r|||| 00| 0
007 ta
008 221004b |||||||| |||| 00| 0 hin d
020 _a9788183611800 (hbk)
_c160
024 _a97592
037 _b577, 23/03/2009, Vani Prakashan
_cTextual
040 _aCRL
_cCRL
_bhin
041 _2hin
_ahin
082 _aO152vN5, P0;P9
100 _aबच्चन सिंह
245 0 _aहिन्दी साहित्य का दूसरा इतिहास
246 _aHindī sāhitya kā dūsarā itihāsa
260 _aनई दिल्ली
_bराधाकृष्ण भारत
_c2009
300 _aृ535पृ0
_ccm.
942 _hO152vN5, P0;P9
_cTEXL
_2cc
999 _c1020770
_d1020770